| 000 | 00000nas##2200000za#4500 |
| 001 | 9.507310 |
| 003 | CaOODSP |
| 005 | 20230202144024 |
| 007 | cr ||||||||||| |
| 008 | 150406c2008||||xxc|| p o||||f| |0eng|d |
| 040 | |aCaOODSP|beng |
| 043 | |an-cn--- |
| 086 | 1 |aHP2-2E-PDF |
| 110 | 2 |aNational Clearinghouse on Family Violence (Canada). |
| 245 | 10|aFamily Violence Initiative performance report |h[electronic resource] |
| 260 | |aOttawa - Ontario : |bPublic Health Agency of Canada. |
| 310 | |aAnnual |
| 362 | 1 |a[2002/2003 to 2003/2004] -- |
| 520 | 3 |aPresents performance results of the federal government’s Family Violence Initiative (FVI). It outlines key progress and achievements and showcases promising and innovative work that has been supported through the FVI. |
| 690 | 07|aFamily violence|2gcpds |
| 775 | 08|tRapport sur le rendement de l'Initiative de lutte contre la violence familiale |w(CaOODSP)9.503699 |
| 776 | 0#|tFamily Violence Initiative performance report |w(CaOODSP)9.511994 |
| 776 | 0#|tRapport sur le rendement de l'Initiative de lutte contre la violence familiale |w(CaOODSP)9.511995 |